| 000 | 00351nam a2200133Ia 4500 | ||
|---|---|---|---|
| 008 | 240624s9999 xx 000 0 und d | ||
| 041 | _aeng | ||
| 082 | _a361.7 CLI | ||
| 100 | _aCLINTON BILL | ||
| 245 | _aGIVING HOW EACH OF US CAN CHANGE THE WOR | ||
| 260 |
_c2007 _aNew York _bAlfred A. Knopf |
||
| 300 | _axiii, : 240 : p. : cm. ; 24 | ||
| 365 |
_c _b20 |
||
| 999 |
_c7703 _d7703 |
||